000 00729cab a2200217 4500
001 WB3010-01
008 090401t1994 xxu||||| |||| 00| 0 eng d
035 _a(Sirsi) u80050
041 _aeng
245 _aConstruction panel for innovation needs
260 _c1994
350 _a0
490 _aBuilding
_v259(7834) 11 March 1994, 11(1)
520 _aHerb Nahapiet, director of risk management at John Mowlem, is to lead a Government initiative to harness innovation in the construction industry as part of the Technology Foresight programme.
650 _aCONSTRUCTION INDUSTRY
650 _aGOVERNMENT POLICY
650 _aTECHNOLOGY FORESIGHT
690 _aBUILT ENVIRONMENT
942 _n0
948 _c04/03/1997
999 _c50388
_d50388